Alan Glass : (Registro nro. 12423)
[ vista simple ]
| 000 -LEADER | |
|---|---|
| fixed length control field | 01492cam a2200361 i 4500 |
| 001 - CONTROL NUMBER | |
| control field | 12423 |
| 003 - CONTROL NUMBER IDENTIFIER | |
| control field | Mx-PuUPA |
| 005 - DATE AND TIME OF LATEST TRANSACTION | |
| control field | 20251103124812.0 |
| 008 - FIXED-LENGTH DATA ELEMENTS--GENERAL INFORMATION | |
| fixed length control field | 140415s2024 mx a gr 001 0 spa d |
| 020 ## - INTERNATIONAL STANDARD BOOK NUMBER | |
| International Standard Book Number | 9786076058435 |
| Qualifying information | INBAL |
| 020 ## - INTERNATIONAL STANDARD BOOK NUMBER | |
| International Standard Book Number | 9786079543815 |
| Qualifying information | FMSJ |
| 040 ## - CATALOGING SOURCE | |
| Transcribing agency | Mx-PuUPA |
| Original cataloging agency | Mx-PuUPA |
| Language of cataloging | spa |
| Modifying agency | Mx-PuUPA |
| Description conventions | rda |
| 041 1# - LANGUAGE CODE | |
| Language code of text/sound track or separate title | spa |
| -- | eng |
| 100 1# - MAIN ENTRY--PERSONAL NAME | |
| Personal name | Glass, Alan, |
| Dates associated with a name | 1932- |
| 9 (RLIN) | 17436 |
| Relator term | autor |
| 245 10 - TITLE STATEMENT | |
| Title | Alan Glass : |
| Remainder of title | sorprendente hallazgo / |
| Statement of responsibility, etc. | Alan Glass ; Alejandra de la Paz, coordinación general ; Fabián Campos ; traducción inglés-español ; Oswaldo Hernández, traducción español-inglés |
| 250 ## - EDITION STATEMENT | |
| Edition statement | Primera edición |
| 264 #1 - PRODUCTION, PUBLICATION, DISTRIBUTION, MANUFACTURE, AND COPYRIGHT NOTICE | |
| Place of production, publication, distribution, manufacture | Puebla, Puebla : |
| Name of producer, publisher, distributor, manufacturer | Instituto Nacional de Bellas Artes y Literatura ; |
| -- | Fundación Mary Street Jenkins, |
| Date of production, publication, distribution, manufacture, or copyright notice | ©2024 |
| 300 ## - PHYSICAL DESCRIPTION | |
| Extent | 301 páginas : |
| Other physical details | ilustraciones (a color) ; |
| Dimensions | 31 cm |
| 336 ## - CONTENT TYPE | |
| Fuente | rdacontent |
| Content type term | texto |
| Content type code | txt |
| 337 ## - MEDIA TYPE | |
| Source | rdamedia |
| Media type term | sin medio |
| Media type code | n |
| 338 ## - CARRIER TYPE | |
| Source | rdacarrier |
| Carrier type term | volumen |
| Carrier type code | nc |
| 546 ## - LANGUAGE NOTE | |
| Language note | Texto en español e inglés. |
| 600 14 - SUBJECT ADDED ENTRY--PERSONAL NAME | |
| Personal name | Glass, Alan |
| Titles and other words associated with a name | 1932- |
| Form subdivision | Exposiciones |
| 650 #7 - SUBJECT ADDED ENTRY--TOPICAL TERM | |
| Source of heading or term | armarc |
| Topical term or geographic name entry element | Arte |
| Chronological subdivision | Siglo XX |
| Form subdivision | Exposiciones |
| 650 #7 - SUBJECT ADDED ENTRY--TOPICAL TERM | |
| Source of heading or term | armarc |
| Topical term or geographic name entry element | Ensamblaje (arte) |
| Form subdivision | Exposiciones |
| 700 1# - ADDED ENTRY--PERSONAL NAME | |
| Personal name | Paz, Alejandra de la, |
| Relator term | coordinador |
| 9 (RLIN) | 17428 |
| 700 1# - ADDED ENTRY--PERSONAL NAME | |
| Personal name | Campos, Fabián, |
| Relator term | traductor |
| 700 1# - ADDED ENTRY--PERSONAL NAME | |
| Personal name | Hernández, Oswaldo, |
| Relator term | traductor |
| 942 ## - ADDED ENTRY ELEMENTS (KOHA) | |
| Source of classification or shelving scheme | Dewey Decimal Classification |
| Koha item type | Libro |
| Classification part | 700.904 |
| Item part | G54 |
| Withdrawn status | Lost status | Source of classification or shelving scheme | Damaged status | Not for loan | Collection code | Home library | Current library | Shelving location | Date acquired | Source of acquisition | Cost, normal purchase price | Total Checkouts | Full call number | Barcode | Date last seen | Cost, replacement price | Price effective from | Koha item type |
|---|---|---|---|---|---|---|---|---|---|---|---|---|---|---|---|---|---|---|
| Dewey Decimal Classification | Referencia | Biblioteca Karol Wojtyla | Biblioteca Karol Wojtyla | Área de silencio | 03/12/2013 | Donación | 0.00 | 700.904 G54 2024 | 46950 | 19/01/2026 | 0.00 | 03/12/2013 | Folio |